000 00437nam a2200181Ia 4500
999 _c1153
_d1153
020 _a0-85157-424-6
082 _a025.5 MCK-;
100 _aMckee, Bob
245 0 _aPlanning library service
260 _aLondon
_bLibrary Association
_c1989
300 _a227p.
504 _aIncudes index
650 _aLibrary administration
650 _aLibrary services
650 _aLIbrary science
650 _aLibrary planning
942 _cBK